5HLuxD.jpg

KING HENRY VIII SENIOR AND PRIMARY SCHOOL LIBRARY OPAC

TAMARIND AND THE STAR OF ISHTA (Record no. 5506)

000 -LEADER
fixed length control field 00371nam a22001217a 4500
008 - FIXED-LENGTH DATA ELEMENTS--GENERAL INFORMATION
fixed length control field 250925b ||||| |||| 00| 0 eng d
020 ## - INTERNATIONAL STANDARD BOOK NUMBER
International Standard Book Number 9781913322176
082 ## - DEWEY DECIMAL CLASSIFICATION NUMBER
Classification number 823.92 BIL
100 ## - MAIN ENTRY--PERSONAL NAME
Personal name BILAN,JASBINDER
Relator term AUTHOR
Language of a work ENGLISH
245 ## - TITLE STATEMENT
Title TAMARIND AND THE STAR OF ISHTA
260 ## - PUBLICATION, DISTRIBUTION, ETC.
Place of publication, distribution, etc. 2 PALMER STREET,FROME,SOMERSET BA11 1DS,UNITED KINGDOM
Name of publisher, distributor, etc. CHICKEN HOUSE
Date of publication, distribution, etc. 2020
942 ## - ADDED ENTRY ELEMENTS (KOHA)
Source of classification or shelving scheme
Holdings
Withdrawn status Lost status Source of classification or shelving scheme Damaged status Not for loan Collection code Permanent Location Current Location Shelving location Date acquired Source of acquisition Total Checkouts Full call number Barcode Date last seen Date last checked out Price effective from Koha item type Public note
          Fiction KH8 Primary School Library KH8 Primary School Library Fiction 2025-09-25 SOF 3 823.92 BIL KHPL000007207 2026-01-19 2026-01-12 2025-09-25 Books - Fiction PRIMARY LIBRARY

Powered By KH8 IT Dept